000
00295nam a2200097Ia 4500
082
_a
EF|JACK
245
0
_a
Lolly Jackson : when fantasy becomes reality
100
_a
Newman, Sean Auckland Park, South Africa, 2012
_9
54863
942
_c
BK
008
210817s9999 xx 000 0 und d
999
_c
173105
_d
173105